000 00814nam a2200205Ia 4500
003 GCL
008 140319s9999 xx 000 0 ara d
040 _aGCL /
_cGCL
082 0 4 _a808.83
_bس م
100 1 _aستاكبول، هـ دى فير
245 1 0 _aمن روائع الآدب العالمى للناشئين - موحول - فارس من اسكتلندا - البحيرة الزرقاء - قصص قصيرة من الأدب العالمى (هديه من الآديب عبدالفتاح الجمل) /
_cستاكبول، هـ دى فير
700 1 _aاليوت , جون
300 _a6 أجزاء
490 _aكتاب
_v0
650 0 4 _aالادب
650 0 4 _aالادب العالمى
650 0 4 _aالادب العالمى المترجم
650 0 4 _aاليوت , جون
942 _2ddc
_cBK
999 _c42690
_d42690